| 000 | 00710nam a2200205 4500 | ||
|---|---|---|---|
| 001 | 132838 | ||
| 003 | ES-MaACL | ||
| 005 | 20240514124301.0 | ||
| 007 | t| | ||
| 008 | 070214s1949 sp r ||||1| spa d | ||
| 100 | 1 |
_aRosales, Luis, _d1910-1992 _999644 |
|
| 245 | 1 | 3 |
_aLa casa encendida / _cLuis Rosales ; con ilustraciones de José Caballero. |
| 260 |
_aMadrid : _bCultura Hispánica, _c1949. |
||
| 300 |
_a111 p., 9 lám. ; _c21 cm. |
||
| 490 | 1 |
_aPoesía de España y América. La encina y el mar ; _v4 |
|
| 700 | 1 |
_aCaballero, José, _d1915-1991 _933084 |
|
| 830 | 1 |
_aPoesía de España y América. La encina y el mar ; _v4 _9179340 |
|
| 852 |
_aES-MaACL _jD-5571 |
||
| 999 |
_c132838 _d132838 |
||